Southville International School and Colleges
Your cart is empty.
  • Cart
  • Lists
    Public lists Eva Luna New books Lux_list list_1
    Your lists Log in to create your own lists
  • Log in to your account
  • Your cookies
  • Search history
Southville International School and Colleges
  • Advanced search
  • Recent comments
  • Most popular
  • Libraries

Log in to your account

Log in with GOOGLE


If you do not have an external account, but do have a local account, you can still log in:

  1. Home
  2. MARC view: The diary of a young girl /
Normal view MARC view ISBD view

The diary of a young girl / (Record no. 34285)

[ view plain ]
MARC details
000 -LEADER
fixed length control field 01137cam a2200337 a 4500
001 - CONTROL NUMBER
control field 3391956
003 - CONTROL NUMBER IDENTIFIER
control field OSt
005 - DATE AND TIME OF LATEST TRANSACTION
control field 20140310184423.0
008 - FIXED-LENGTH DATA ELEMENTS--GENERAL INFORMATION
fixed length control field 881024s1988 nyua 000 0aeng
010 ## - LIBRARY OF CONGRESS CONTROL NUMBER
LC control number 88195896
020 ## - INTERNATIONAL STANDARD BOOK NUMBER
International Standard Book Number 1556750005
040 ## - CATALOGING SOURCE
Original cataloging agency DLC
Transcribing agency DLC
Modifying agency DLC
043 ## - GEOGRAPHIC AREA CODE
Geographic area code e-ne---
050 00 - LIBRARY OF CONGRESS CALL NUMBER
Classification number DS 135.N6
Item number .F73313 1952
100 1# - MAIN ENTRY--PERSONAL NAME
Personal name Frank, Anne,
Dates associated with a name 1929-1945.
9 (RLIN) 26821
245 14 - TITLE STATEMENT
Title The diary of a young girl /
Statement of responsibility, etc Anne Frank.
260 ## - PUBLICATION, DISTRIBUTION, ETC. (IMPRINT)
Place of publication, distribution, etc New York :
Name of publisher, distributor, etc Globe Book Co.,
Date of publication, distribution, etc 1952.
300 ## - PHYSICAL DESCRIPTION
Extent 283 p. :
Other physical details ill. ;
Dimensions 21 cm.
521 ## - TARGET AUDIENCE NOTE
Target audience note
526 ## - STUDY PROGRAM INFORMATION NOTE
Reading level 1080
541 ## - IMMEDIATE SOURCE OF ACQUISITION NOTE
-- 1
600 10 - SUBJECT ADDED ENTRY--PERSONAL NAME
Personal name Frank, Anne,
Dates associated with a name 1929-1945
General subdivision Diaries.
9 (RLIN) 26822
650 #0 - SUBJECT ADDED ENTRY--TOPICAL TERM
Topical term or geographic name as entry element Holocaust, Jewish (1939-1945)
Geographic subdivision Netherlands
-- Amsterdam
General subdivision Personal narratives.
9 (RLIN) 26823
650 #0 - SUBJECT ADDED ENTRY--TOPICAL TERM
Topical term or geographic name as entry element Jews
General subdivision Persecutions
Geographic subdivision Netherlands
-- Amsterdam.
9 (RLIN) 26824
650 #0 - SUBJECT ADDED ENTRY--TOPICAL TERM
Topical term or geographic name as entry element Jews
Geographic subdivision Netherlands
-- Amsterdam
General subdivision Diaries.
9 (RLIN) 26825
651 #0 - SUBJECT ADDED ENTRY--GEOGRAPHIC NAME
Geographic name Amsterdam (Netherlands)
General subdivision Ethnic relations.
9 (RLIN) 26826
906 ## - LOCAL DATA ELEMENT F, LDF (RLIN)
a 7
b cbc
c orignew
d 2
e ncip
f 19
g y-gencatlg
942 ## - ADDED ENTRY ELEMENTS (KOHA)
Source of classification or shelving scheme Library of Congress Classification
Koha item type
Holdings
Withdrawn status Lost status Source of classification or shelving scheme Damaged status Home library Current library Shelving location Date acquired Total Checkouts Full call number Barcode Date last seen Date checked out Copy number Price effective from Koha item type Total Renewals
    Library of Congress Classification   Luxembourg Library Luxembourg Library Scholastic Reading Center Section 10/09/2013 1 DS 135.N6 .F73313 1952 LEX2079 04/18/2017 10/13/2014 1 10/09/2013 Books  
    Library of Congress Classification   Luxembourg Library Luxembourg Library Scholastic Reading Center Section 10/09/2013 1 DS 135.N6 .F73313 1952 LEX1781 04/18/2017 10/14/2014 2 10/09/2013 Books 1
    Library of Congress Classification   Luxembourg Library Luxembourg Library Scholastic Reading Center Section 11/12/2013   DS 135.N6 .F73313 1952 LEX0292 04/18/2017   3 11/12/2013 Books  
    Library of Congress Classification   Luxembourg Library Luxembourg Library Scholastic Reading Center Section 11/12/2013 1 DS 135.N6 .F73313 1952 SCHO0151 04/18/2017 02/17/2015 4 11/12/2013 Books 2

The diary of a young girl /

APA

Frank A., . (1952). The diary of a young girl. New York: Globe Book Co.

Chicago

Frank Anne, . 1952. The diary of a young girl. New York: Globe Book Co.

Harvard

Frank A., . (1952). The diary of a young girl. New York: Globe Book Co.

MLA

Frank Anne, . The diary of a young girl. New York: Globe Book Co. 1952.

  • Place hold
  • Print
  • Cite
  • Add to your cart (remove)
  • Save record
    BIBTEX Dublin Core MARCXML MARC (non-Unicode/MARC-8) MARC (Unicode/UTF-8) MARC (Unicode/UTF-8, Standard) MODS (XML) RIS
  • More searches
    Search for this title in:
    Other Libraries (WorldCat) Other Databases (Google Scholar) Online Stores (Bookfinder.com) Open Library (openlibrary.org)

Exporting to Dublin Core...

SOUTHVILLE LIBRARY

Southville International School and Colleges Library

1281 Tropical Ave. Cor. Luxembourg St., BF Homes International, Las Pinas City

Tel. No. 8256374 / 252358 Loc. 117/146

Powered by Koha